| 000 | 00753nam a2200193 i 4500 | ||
|---|---|---|---|
| 001 | 120174 | ||
| 003 | ES-MaACL | ||
| 005 | 20251012063049.0 | ||
| 007 | t| | ||
| 008 | 070214s1949 sp r ||||1| spa d | ||
| 100 | 1 |
_aPérez Vidal, José, _d1907-1990 _9160934 |
|
| 245 | 1 | 3 |
_aEl estribillo en el romancero tradicional canario _b: el responder, elemento uniforme e inseparable de los romances / _cJosé Pérez Vidal. |
| 260 |
_aLas Palmas : _bConsejo Superior de Investigaciones Científicas, _c1949. |
||
| 300 |
_a58 p. ; _c24 cm. |
||
| 710 | 2 |
_aConsejo Superior de Investigaciones Científicas (España) _93236 |
|
| 852 |
_aES-MaACL _j1973-F-19 _bR.36628 |
||
| 852 |
_aES-MaACL _j2138-F-2 _z.- Ded. ms. del autor |
||
| 999 |
_c120174 _d120174 |
||